Como combater o desperdício no setor público : (Record no. 143)

MARC details
000 -LÍDER
Campo Fixo de Controle 00912cam a2200265 a 4500
001 - NÚMERO DE CONTROLE
Campo de Controle 143
003 - IDENTIFICAÇÃO DO NÚMERO DE CONTROLE
Campo de Controle BR-CuiBMT
005 - DATA E HORA DA ÚLTIMA ATUALIZAÇÃO
Campo de Controle 20231110210516.0
008 - DADOS FIXOS
Dados Fixos 230821s2022 mgba 000 0 por d
020 ## - INTERNATIONAL STANDARD BOOK NUMBER
Nº do ISBN 9786555183580
040 ## - AGÊNCIA CATALOGADORA
Código da Agência Catalogadora BR-CuiBMT
Agência que transcreveu o registro BR-CuiBMT
080 ## - Nº DA CLASSIFICAÇÃO DECIMAL UNIVERSAL
Nº edição CDU 2007
Nº Class. CDU 351
090 ## - NÚMERO DE CHAMADA
Nº classificação 351
Cutter S729c
Ano/Edição 2. ed.
100 1# - ENTRADA PRINCIPAL -- AUTOR PESSOAL
Nome pessoal Souza, Kleberson Roberto de
245 10 - TÍTULO PRINCIPAL
Título principal Como combater o desperdício no setor público :
Subtítulo gestão de riscos na prática /
Indicação de responsabilidade Kleberson Roberto de Souza, Franklin Brasil Santos ; prefácio Francisco Eduardo de Holanda Bessa.
250 ## - EDIÇÃO
Edição 2. ed., rev. ampl. e atual.
260 ## - PUBLICAÇÃO, DISTRIBUIÇÃO, ETC.
Local de publicação Belo Horizonte :
Editora Fórum,
Data 2022.
300 ## - DESCRIÇÃO FÍSICA
N. páginas ou volumes 265 p. :
Ilustrações il. ;
Dimensões 22 cm
504 ## - NOTA DE BIBLIOGRAFIA, ETC.
Nota de bibliografia Inclui biliografia.
650 ## - ASSUNTO TÓPICO
Cabeçalho tópico ou nome geográfico Administração pública
650 ## - ASSUNTO TÓPICO
Cabeçalho tópico ou nome geográfico Gestão pública
Subdivisão geral Racionamento de recursos
650 ## - ASSUNTO TÓPICO
Cabeçalho tópico ou nome geográfico Direito administrativo
700 1# - ENTRADA SECUNDÁRIA -- NOME PESSOAL
Nome pessoal Santos, Franklin Brasil
942 ## - ELEMENTOS DE ENTRADA ADICIONAIS (KOHA)
Fonte de classificação ou esquema de arquivamento Classificação Decimal Universal
Tipo de item do Koha Livros
Holdings
Estado: removido Estado: perdido Fonte de classificação ou esquema de arquivamento Estado: danificado Indisponível para empréstimo Localização permanente Localização atual Data de aquisição Total Checkouts Número de Chamada completo Código de barras Date last seen Número do exemplar Preço efetivo a partir de Tipo de item (Koha)
    Classificação Decimal Universal     Biblioteca da Escola Superior de Contas do TCE/MT Biblioteca da Escola Superior de Contas do TCE/MT 28/06/2023   351 S729c BIBTCEMT23080120 21/08/2023 Ex. 1 21/08/2023 Livros
    Classificação Decimal Universal     Biblioteca da Escola Superior de Contas do TCE/MT Biblioteca da Escola Superior de Contas do TCE/MT 22/11/2023   351 S729c BIBTCEMT23110825 22/11/2023 Ex. 2 22/11/2023 Livros

Powered by Koha